Reed's Vol-II: Applied mechanics for engineers (Record no. 12538)

000 -LEADER
fixed length control field 00425nam a22001457a 4500
008 - FIXED-LENGTH DATA ELEMENTS--GENERAL INFORMATION
fixed length control field 210205b ||||| |||| 00| 0 eng d
082 00 - DEWEY DECIMAL CLASSIFICATION NUMBER
Classification number 620.100246238
Item number E532
100 ## - MAIN ENTRY--PERSONAL NAME
9 (RLIN) 934
Personal name Embleton, William
245 10 - TITLE STATEMENT
Title Reed's Vol-II: Applied mechanics for engineers
250 ## - EDITION STATEMENT
Edition statement 2nd ed.
260 ## - PUBLICATION, DISTRIBUTION, ETC. (IMPRINT)
Place of publication, distribution, etc London
Name of publisher, distributor, etc Thomas Reed Publication Ltd.
Date of publication, distribution, etc 1970
300 ## - PHYSICAL DESCRIPTION
Extent 619p.
650 #0 - SUBJECT ADDED ENTRY--TOPICAL TERM
Topical term or geographic name as entry element Applied Mechanics
942 ## - ADDED ENTRY ELEMENTS (KOHA)
Item type Books
Holdings
Withdrawn status Lost status Source of classification or shelving scheme Damaged status Not for loan Permanent location Current location Date acquired Source of acquisition Full call number Barcode Date last seen Koha item type
          IMU Kolkata IMU Kolkata 1972-07-25 E. W. Steves & Co 620.100246238 E532 03852 2021-02-05 Books
          IMU Kolkata IMU Kolkata 1972-07-25 E. W. Steves & Co 620.100246238 E532 03853 2021-02-05 Books
Designed and Maintained by IMU-KC Library, Kolkata Campus © Copyright All Rights Reserved

webs counters

Powered by Koha